000 00370cam a22001337a 4500
008 180718b1970 xxu||||| |||| 00| 0 eng d
082 _aB232 C463
100 _aChristie, Stuart
245 _aFloodgates of anarchy
_cby Stuart Christie and Albert Meltzer
260 _aLondon
_bKahn & Averill
_c1970
300 _a160p
650 _aAnarchism.
700 _aMeltzer, Albert
999 _c420300
_d420300